000 nam a22 a 4500
999 _c390367
_d390367
003 BLK
005 20201020144605.0
008 180409b bul|||||r ||||||| ||bul||
010 _aKNG00119219000
040 _aBLK
041 _aFRE
_cFRE
080 _aФизика
_b53
_x(075.8)
_z53(075.8)
100 _aJamin, Jules-Célestin
_eпърви автор
_9435391
139 _aJamin, Jules-Célestin
245 1 0 _aCours de physique de l'École polytechnique
_bT. I-
_cJules-Célestin, Jamin
_nT. I
250 _a3. Ed.
257 _aFRA
260 _aParis
_bGauthier - Villars
_c1871
_9218894
300 _c22 cm
380 _a5
490 _9435080
_aКолекция Редки и ценни издания
650 7 _aФизика - учебници за ВУЗ
_9175269
653 _aфизика
760 _aJamin, Jules-Célestin
_b3. Ed.
_dParis, 1868
_h556 p.: със сх., табл.
_oT. I
852 _aРф 868
_bРц
856 4 _qpdf
856 4 _qpdf
942 _cKNG
_n0
_s1
944 _aCR
_c2020-10-20
_lТД
_kЛюдмила_Стоянова
944 _aED
_c12.10.2010
_lф /
999 _d390366
999 _d390366
999 _d390345
999 _d390345
999 _d390345
999 _d113799